Možné účtovné prístupy ku goodwillu po jeho vzniku a ich vplyv na finančnú situáciu účtovnej jednotky

Účtovné prístupy ku goodwillu po jeho vzniku, ktoré boli uplatnené podľa IFRS a národnej právnej úpravy v ich historickom vývoji. Vysvetlenie ich vplyvu na finančnú situáciu účtovnej jednotky.

Uložené v:
Podrobná bibliografia
Hlavný autor: Hornická, Renáta, 1977-
Médium: Kapitola
Jazyk:Slovak
Predmet:
Tagy: Pridať tag
Žiadne tagy, Buďte prvý, kto otaguje tento záznam!

MARC

LEADER 00000naa$a2200000$$$4500
001 0215849
005 20240502073611.3
041 0 |a slo 
044 |a SK 
245 1 0 |a Možné účtovné prístupy ku goodwillu po jeho vzniku a ich vplyv na finančnú situáciu účtovnej jednotky  |c Renáta Hornická 
520 |a Účtovné prístupy ku goodwillu po jeho vzniku, ktoré boli uplatnené podľa IFRS a národnej právnej úpravy v ich historickom vývoji. Vysvetlenie ich vplyvu na finančnú situáciu účtovnej jednotky. 
610 2 0 |a jednotka účtovná 
610 2 0 |a metódy účtovné 
610 2 0 |a zápisy účtovné 
610 2 0 |a výsledok hospodársky 
610 2 0 |a závierka účtovná 
610 2 0 |a odpisy 
610 2 0 |a hodnota 
610 2 0 |a goodwill 
610 2 0 |a IFRS 
100 1 |a Hornická, Renáta, 1977-